[Event "Ruhrgebiet VK2 0708"]
[Site "Germany"]
[Date "2008.04.06"]
[Round "8.3"]
[White "Fuchs, Bernhard"]
[Black "Hackbusch, Joern"]
[Result "1/2-1/2"]
[WhiteElo "1846"]
[BlackElo "1998"]
[PlyCount "35"]
[EventDate "2007.09.16"]
[EventType "team"]
[EventRounds "9"]
[EventCountry "GER"]
[SourceTitle "EXT 2009"]
[Source "ChessBase"]
[SourceDate "2008.11.26"]
[SourceVersion "1"]
[SourceVersionDate "2008.11.26"]
[SourceQuality "1"]
[WhiteTeam "Altenessen II"]
[BlackTeam "Dortmund Hansa III"]
[WhiteTeamCountry "GER"]
[BlackTeamCountry "GER"]

1. e4 Nf6 2. Nc3 d5 3. exd5 Nxd5 4. Nxd5 Qxd5 5. d4 Nc6 6. Be3 e5 7. Nf3 Bg4 8. Be2 0-0-0 9. dxe5 Bxf3 10. Bxf3 Qxe5 11. Qc1 Nd4 12. Bd1 Nf5 13. Bg4 Kb8 14. Bxf5 Qxf5 15. 0-0 Bd6 16. c4 Bc5 17. Bxc5 Qxc5 18. Qc3 1/2-1/2

[Event "Ruhrgebiet VK2 0708"]
[Site "Germany"]
[Date "2008.01.20"]
[Round "5.2"]
[White "Fuchs, Bernhard"]
[Black "Tobczewski, Peter"]
[Result "1-0"]
[WhiteElo "1846"]
[BlackElo "2008"]
[PlyCount "81"]
[EventDate "2007.09.16"]
[EventType "team"]
[EventRounds "9"]
[EventCountry "GER"]
[SourceTitle "EXT 2009"]
[Source "ChessBase"]
[SourceDate "2008.11.26"]
[SourceVersion "1"]
[SourceVersionDate "2008.11.26"]
[SourceQuality "1"]
[WhiteTeam "Altenessen II"]
[BlackTeam "Horst Emscher II"]
[WhiteTeamCountry "GER"]
[BlackTeamCountry "GER"]

1. e4 c5 2. Nf3 Nf6 3. Nc3 Nc6 4. d4 d5 5. exd5 Nxd5 6. Nxd5 Qxd5 7. Be3 cxd4 8. Nxd4 e5 9. Nb5 Qd8 10. Qxd8+ Kxd8 11. 0-0-0+ Bd7 12. Bc4 f5 13. Be6 Nb8 14. Bxf5 a6 15. Bb6+ Kc8 16. Nc7 Bxf5 17. Nxa8 Be7 18. Be3 Nc6 19. Nb6+ Kb8 20. c3 Re8 21. Rd2 Na5 22. b3 Bf8 23. Kb2 Kc7 24. Rhd1 Nc6 25. a4 a5 26. Nc4 Be6 27. Bb6+ Kc8 28. Nxa5 Be7 29. Nxc6 bxc6 30. a5 Kb7 31. Re2 Bf6 32. h3 Bd5 33. f3 Rf8 34. Kc2 h6 35. c4 Be6 36. Red2 Bg5 37. Rd7+ Bxd7 38. Rxd7+ Kb8 39. Rxg7 e4 40. fxe4 Re8 41. e5 1-0

[Event "Ruhrgebiet VK2 0708"]
[Site "Germany"]
[Date "2007.12.09"]
[Round "4.3"]
[White "Fuchs, Bernhard"]
[Black "Lange, Andreas"]
[Result "0-1"]
[WhiteElo "1846"]
[BlackElo "1998"]
[PlyCount "68"]
[EventDate "2007.09.16"]
[EventType "team"]
[EventRounds "9"]
[EventCountry "GER"]
[SourceTitle "EXT 2009"]
[Source "ChessBase"]
[SourceDate "2008.11.26"]
[SourceVersion "1"]
[SourceVersionDate "2008.11.26"]
[SourceQuality "1"]
[WhiteTeam "Altenessen II"]
[BlackTeam "Brambauer II"]
[WhiteTeamCountry "GER"]
[BlackTeamCountry "GER"]

1. e4 d6 2. d4 Nf6 3. Bd3 e5 4. Ne2 Be7 5. 0-0 0-0 6. h3 exd4 7. Nxd4 Re8 8. Be3 Bf8 9. Nd2 Nbd7 10. Ne2 d5 11. Ng3 Nc5 12. Bg5 h6 13. Bxf6 Qxf6 14. Rb1 Nxd3 15. cxd3 Be6 16. Nh5 Qh4 17. e5 Bf5 18. Qf3 Rxe5 19. Nf4 c6 20. Rfe1 Rae8 21. Rxe5 Rxe5 22. Rd1 Bh7 23. Nf1 Bd6 24. g3 Qf6 25. Ne3 Re8 26. Ng4 Qxb2 27. Nh5 f5 28. Ne3 f4 29. Ng4 Qe2 30. Qxe2 Rxe2 31. gxf4 Bg6 32. Ng3 Rxa2 33. Re1 Bxd3 34. Nh5 Bg6 0-1

[Event "Ruhrgebiet VK1 0304"]
[Site "Ruhrgebiet"]
[Date "2003.09.28"]
[Round "1.4"]
[White "Heidel, Klaus"]
[Black "Fuchs, Bernhard"]
[Result "0-1"]
[WhiteElo "1871"]
[BlackElo "1960"]
[PlyCount "65"]
[EventDate "2003.09.28"]
[EventType "team"]
[EventRounds "9"]
[EventCountry "GER"]
[SourceTitle "EXT 2007"]
[Source "ChessBase"]
[SourceDate "2006.11.23"]
[SourceVersion "1"]
[SourceVersionDate "2006.11.23"]
[SourceQuality "1"]
[WhiteTeam "Drewer SG"]
[BlackTeam "Altenessen"]
[WhiteTeamCountry "GER"]
[BlackTeamCountry "GER"]

1. e4 d5 2. exd5 Nf6 3. Bb5+ Bd7 4. Bc4 Bg4 5. f3 Bf5 6. Nc3 Nbd7 7. d3 Nb6 8. Nge2 Nfxd5 9. Nxd5 Nxd5 10. Ng3 Bg6 11. Qe2 c6 12. f4 Qd7 13. 0-0 f5 14. Bd2 0-0-0 15. a4 e6 16. b4 h5 17. Rfe1 Re8 18. b5 c5 19. Bb3 h4 20. Nh1 Bf7 21. Nf2 Bd6 22. Nh3 e5 23. Qf2 Qc7 24. Bxd5 Bxd5 25. c4 Be6 26. fxe5 Bxe5 27. Rxe5 Qxe5 28. Re1 Qd4 29. Be3 Qxd3 30. Bxc5 Bd7 31. Nf4 Rxe1+ 32. Qxe1 Qxc4 33. Bd6 0-1